000 00301nam a22001337a 4500
008 180831b xxu||||| |||| 00| 0 eng d
020 _a9780801331572
041 _aeng
080 _a371
100 _a25
101 _aGJL
245 _aThe Longman Writer's Companion
_cAnson, Ch.M
942 _2udc
_cBK
999 _c47420
_d47420